[Event "87o Campeonato Brasileiro Absoluto Final Aberta"]
[Site "Cuiaba MT"]
[Date "2021.11.01"]
[Round "7"]
[Board "62"]
[White "Fedrizzi, Roberto Senatore"]
[Black "Assad, Leonardo Vaz De Figueiredo"]
[Result "1/2-1/2"]
[WhiteElo "1962"]
[BlackElo "1745"]
[PlyCount "144"]
[EventDate "2021.10.28"]
[EventRounds "11"]
[EventCountry "BRA"]

1. e4 c5 2. Nf3 e6 3. d4 cxd4 4. Nxd4 a6 5. c4 Nf6 6. Bd3 Nc6 7. Nxc6 dxc6 8.
O-O e5 9. Nc3 Bc5 10. h3 O-O 11. Bg5 Be6 12. Qf3 Be7 13. Be2 h6 14. Be3 Nd7 15.
g4 Bg5 16. Nd1 Qe7 17. Bxg5 Qxg5 18. Ne3 Qf4 19. Qxf4 exf4 20. Ng2 g5 21. f3
Ne5 22. b3 Rfd8 23. Rfd1 Kf8 24. Ne1 Ke7 25. Nd3 Nxd3 26. Bxd3 c5 27. Bc2 Rxd1+
28. Rxd1 Rd8 29. Rxd8 Kxd8 30. Kf2 Kc7 31. Ke2 Kd6 32. Kd3 Ke5 33. Bd1 Bd7 34.
Bc2 Kd6 35. Kc3 Be6 36. Bd3 Bd7 37. a4 Kc6 38. Be2 Kb6 39. Bd3 Ka5 40. Be2 b5
41. axb5 axb5 42. cxb5 Bxb5 43. Bc4 f6 44. Kd3 Be8 45. Kc3 Bg6 46. Bd5 Kb5 47.
Bc4+ Kc6 48. Bd5+ Kd6 49. Kc4 h5 50. Kb5 hxg4 51. hxg4 Be8+ 52. Kc4 Bd7 53. Ba8
Be6+ 54. Bd5 Bc8 55. Kc3 Ba6 56. Bc4 Bb7 57. Bb5 Bc8 58. Bc4 Ke5 59. Kd3 Bb7
60. Bb5 Bc8 61. Bc4 Bb7 62. Bb5 f5 63. gxf5 g4 64. fxg4 Bxe4+ 65. Ke2 Bg2 66.
Bc4 Be4 67. Be6 Bc2 68. Kd2 Be4 69. Bc4 Bf3 70. Be2 Bd5 71. Bc4 Bf3 72. Be2 Bd5
 1/2-1/2

[Event "87o Campeonato Brasileiro Absoluto Final Aberta"]
[Site "Cuiaba MT"]
[Date "2021.11.01"]
[Round "7"]
[Board "63"]
[White "Campos, Otavio Moraes"]
[Black "Almeida, Tiago De"]
[Result "0-1"]
[WhiteElo "1619"]
[BlackElo "1943"]
[PlyCount "120"]
[EventDate "2021.10.28"]
[EventRounds "11"]
[EventCountry "BRA"]

1. d4 d6 2. c4 Nf6 3. Nf3 g6 4. Nc3 Bg7 5. e4 O-O 6. g3 Nbd7 7. Bg2 e5 8. d5
Nc5 9. Qe2 Bg4 10. h3 Bxf3 11. Qxf3 a5 12. Bg5 h6 13. Be3 Nd3+ 14. Ke2 Nxb2 15.
c5 Nc4 16. Rab1 Nxe3 17. Qxe3 Rb8 18. cxd6 Qxd6 19. Nb5 Qa6 20. Kf3 Ne8 21. Bf1
Qf6+ 22. Kg2 c6 23. Qa7 Rd8 24. dxc6 bxc6 25. Nc3 Rd2 26. Rb7 Nd6 27. Rc7 Nc8
28. Qc5 Rfd8 29. Rxc6 Rxf2+ 30. Qxf2 Qxc6 31. Nd5 f5 32. Bd3 Rxd5 33. exd5
Qxd5+ 34. Qf3 e4 35. Bxe4 Qxa2+ 36. Kf1 fxe4 37. Qxe4 Kh7 38. h4 Nd6 39. Qd3
Qc4 40. Ke2 Qg4+ 41. Kd2 Qb4+ 42. Ke2 Qb2+ 43. Qd2 Qxd2+ 44. Kxd2 Ne4+ 45. Kc2
Nxg3 46. Rh3 Nf5 47. Kb3 Bf8 48. h5 gxh5 49. Rxh5 Kg6 50. Rh1 Bb4 51. Rg1+ Kf6
52. Rf1 Ke5 53. Rd1 h5 54. Rd8 h4 55. Rh8 Kf4 56. Ka4 Kf3 57. Rh5 Kg4 58. Rh8
h3 59. Rg8+ Kf3 60. Rf8 Bxf8  0-1

[Event "87o Campeonato Brasileiro Absoluto Final Aberta"]
[Site "Cuiaba MT"]
[Date "2021.11.01"]
[Round "7"]
[Board "64"]
[White "Okamura, Milton Kasuo"]
[Black "Vargas, Roberto Carlos Melgarejo"]
[Result "1-0"]
[WhiteElo "1937"]
[BlackElo "1722"]
[PlyCount "85"]
[EventDate "2021.10.28"]
[EventRounds "11"]
[EventCountry "BRA"]

1. d4 Nf6 2. c4 g6 3. Nc3 Bg7 4. e4 d6 5. Nf3 O-O 6. Be2 e5 7. O-O exd4 8. Nxd4
Re8 9. f3 Bd7 10. Be3 Nc6 11. Qd2 a6 12. Nc2 Qe7 13. Bg5 Qf8 14. Rac1 h6 15.
Be3 Rad8 16. Nd5 Nxd5 17. cxd5 Nb8 18. Nd4 c6 19. dxc6 Nxc6 20. Nxc6 Bxc6 21.
Bb6 Rd7 22. Bc4 Qe7 23. Rfd1 Qh4 24. Bf2 Qe7 25. Qb4 b5 26. Bd5 Ba8 27. b3 Bxd5
28. Rxd5 Qd8 29. Qd2 Re5 30. Rc6 Rxd5 31. Qxd5 Qf6 32. Qd1 Qa1 33. Qxa1 Bxa1
34. Be3 Bg7 35. Rxa6 d5 36. Ra8+ Kh7 37. Ra7 Rxa7 38. Bxa7 dxe4 39. fxe4 Be5
40. a4 bxa4 41. bxa4 Kg7 42. Bb6 Kf8 43. a5  1-0

[Event "87o Campeonato Brasileiro Absoluto Final Aberta"]
[Site "Cuiaba MT"]
[Date "2021.11.01"]
[Round "7"]
[Board "65"]
[White "Azevedo Junior, Joao Nunes"]
[Black "Boabaid, Jorge Alberto Duardes"]
[Result "0-1"]
[WhiteElo "1919"]
[BlackElo "1712"]
[PlyCount "90"]
[EventDate "2021.10.28"]
[EventRounds "11"]
[EventCountry "BRA"]

1. e4 c5 2. Nf3 d6 3. Bb5+ Nc6 4. Bxc6+ bxc6 5. h3 Nf6 6. Qe2 e5 7. b3 Be7 8.
O-O O-O 9. d3 Re8 10. c4 Bf8 11. Bg5 h6 12. Bh4 g5 13. Bg3 Nh5 14. h4 Nf4 15.
Bxf4 exf4 16. hxg5 hxg5 17. Nbd2 g4 18. Nh2 Qg5 19. g3 Bg7 20. gxf4 Qxf4 21.
Kg2 Be5 22. Rh1 Kg7 23. Rag1 Rg8 24. Kf1 Kf8 25. Ke1 Bd7 26. Rg2 Ke7 27. Rhg1
Bc3 28. Kd1 Rg6 29. Ndf1 Rag8 30. Ne3 Kd8 31. Nhxg4 Bd4 32. f3 Be6 33. Rh1 Re8
34. Rgh2 d5 35. Ng2 Qc7 36. Rh6 dxe4 37. dxe4 Rxh6 38. Rxh6 Qg3 39. Nf6 Rf8 40.
Ne1 Qg5 41. Qd2 Qg1 42. Qa5+ Kc8 43. Qxa7 Bxf6 44. Qa8+ Kd7 45. Qxf8 Bc3  0-1

[Event "87o Campeonato Brasileiro Absoluto Final Aberta"]
[Site "Cuiaba MT"]
[Date "2021.11.01"]
[Round "7"]
[Board "66"]
[White "Rodrigues, Julliano De Araujo"]
[Black "Franco Filho, Sinvaldo Barreiros"]
[Result "1-0"]
[WhiteElo "1917"]
[BlackElo "1702"]
[PlyCount "71"]
[EventDate "2021.10.28"]
[EventRounds "11"]
[EventCountry "BRA"]

1. e4 e6 2. d4 d5 3. Nc3 Nf6 4. e5 Nfd7 5. f4 c5 6. Nf3 Nc6 7. Be3 Qb6 8. Na4
Qa5+ 9. c3 cxd4 10. b4 Qc7 11. Nxd4 Nxd4 12. Bxd4 a5 13. a3 Be7 14. Bd3 f6 15.
Qh5+ Kd8 16. O-O axb4 17. axb4 fxe5 18. fxe5 Rf8 19. Rxf8+ Bxf8 20. Qf7 Be7 21.
Qxe6 Nf8 22. Qxd5+ Qd7 23. Bb6+ Ke8 24. Bb5 Qxb5 25. Qxb5+ Bd7 26. Qd5 Rxa4 27.
Rxa4 Bxa4 28. Qxb7 Bb3 29. Bd4 Ne6 30. b5 Bg5 31. Qf3 Bd8 32. b6 Kd7 33. Qb7+
Ke8 34. Qc6+ Kf7 35. b7 Bc7 36. Qxc7+  1-0

[Event "87o Campeonato Brasileiro Absoluto Final Aberta"]
[Site "Cuiaba MT"]
[Date "2021.11.01"]
[Round "7"]
[Board "67"]
[White "Da Silva, Fabio Lima"]
[Black "Fernandes, Pedro Guilherme Muniz"]
[Result "1-0"]
[WhiteElo "1909"]
[BlackElo "1682"]
[PlyCount "35"]
[EventDate "2021.10.28"]
[EventRounds "11"]
[EventCountry "BRA"]

1. d4 Nf6 2. Nf3 g6 3. Bg5 Ne4 4. Bf4 c5 5. c3 Qb6 6. Qc2 d5 7. e3 Bg7 8. Nbd2
O-O 9. dxc5 Nxc5 10. b4 Bf5 11. bxc5 Qxc5 12. Bd3 Bxd3 13. Qxd3 Nc6 14. Bg3 e5
15. Nb3 e4 16. Nxc5 exd3 17. Rc1 Na5 18. Nd4  1-0

[Event "87o Campeonato Brasileiro Absoluto Final Aberta"]
[Site "Cuiaba MT"]
[Date "2021.11.01"]
[Round "7"]
[Board "68"]
[White "Passos, Rafael Moreira"]
[Black "De Oliveira Filho, Fernando F"]
[Result "1-0"]
[WhiteElo "1893"]
[BlackElo "1638"]
[PlyCount "91"]
[EventDate "2021.10.28"]
[EventRounds "11"]
[EventCountry "BRA"]

1. e4 e6 2. d3 d5 3. Nd2 dxe4 4. dxe4 b6 5. Ngf3 Bb7 6. Bd3 Nc6 7. Qe2 e5 8.
O-O Nge7 9. Nc4 Ng6 10. c3 Bd6 11. Be3 O-O 12. g3 Nce7 13. Rad1 a6 14. Bc2 Nc8
15. Rd2 Qe7 16. Rfd1 a5 17. Bxb6 Ba6 18. Be3 Rb8 19. Bd3 Bxc4 20. Bxc4 Nb6 21.
Bb5 Rfd8 22. Ne1 Nf8 23. Ng2 Ne6 24. Bxb6 Rxb6 25. Ne3 Rbb8 26. Nf5 Qf8 27.
Nxd6 Rxd6 28. Rxd6 cxd6 29. Bc4 Nc5 30. b3 Kh8 31. Bd3 Qd8 32. Bc4 f6 33. Bd5
Qe8 34. Qc4 Qb5 35. Qxb5 Rxb5 36. Bc6 Rb6 37. Rxd6 h6 38. Rd8+ Kh7 39. Bd5 Na6
40. Rc8 Rb5 41. Kf1 Kg6 42. Ke2 Kg5 43. f3 f5 44. h4+ Kh5 45. Bc4 Rc5 46. Bxa6
 1-0

[Event "87o Campeonato Brasileiro Absoluto Final Aberta"]
[Site "Cuiaba MT"]
[Date "2021.11.01"]
[Round "7"]
[Board "69"]
[White "Cardoso, Lucca Pimenta"]
[Black "Sopko, Cassio Roberto"]
[Result "1/2-1/2"]
[WhiteElo "1690"]
[BlackElo "1877"]
[PlyCount "69"]
[EventDate "2021.10.28"]
[EventRounds "11"]
[EventCountry "BRA"]

1. d4 f5 2. c4 e6 3. Nf3 d5 4. g3 c6 5. Bg2 Nf6 6. O-O Bd6 7. b3 Nbd7 8. Bb2
O-O 9. Nc3 Ne4 10. e3 b6 11. Ne2 Ba6 12. Rc1 Rc8 13. Nf4 Qe8 14. Nd3 Qh5 15.
Nde5 Rfd8 16. Qc2 g5 17. Nd2 Ndf6 18. Nxe4 Nxe4 19. f3 Nf6 20. Rfe1 g4 21. fxg4
Nxg4 22. Nxg4 Qxg4 23. c5 Bb8 24. Ba3 Re8 25. Qd1 Qxd1 26. Rexd1 b5 27. Bh3 Rc7
28. b4 Rg7 29. Kf2 Bc8 30. Bb2 Bc7 31. a4 h5 32. axb5 cxb5 33. Rg1 Kh7 34. Rg2
Reg8 35. Kf3  1/2-1/2

[Event "87o Campeonato Brasileiro Absoluto Final Aberta"]
[Site "Cuiaba MT"]
[Date "2021.11.01"]
[Round "7"]
[Board "70"]
[White "Moyses Sobrinho, Elias"]
[Black "Naief Moreira, Cleber"]
[Result "0-1"]
[WhiteElo "1858"]
[BlackElo "1852"]
[PlyCount "102"]
[EventDate "2021.10.28"]
[EventRounds "11"]
[EventCountry "BRA"]

1. d4 Nf6 2. c4 g6 3. Nc3 Bg7 4. e4 d6 5. Nf3 O-O 6. Be2 Nbd7 7. O-O e5 8. h3
c6 9. dxe5 dxe5 10. Be3 Qe7 11. Qc2 a5 12. Na4 Nh5 13. g3 f5 14. exf5 gxf5 15.
Nh4 f4 16. Nf5 Qg5 17. Nxg7 Qxg7 18. Bxh5 fxe3 19. fxe3 Nf6 20. Nb6 Bxh3 21.
Nxa8 Qxg3+ 22. Kh1 Bxf1 23. Rxf1 Qh3+ 24. Kg1 Qxh5 25. Qf5 Qxf5 26. Rxf5 Kf7
27. Nb6 Ke6 28. Rf2 Rd8 29. c5 Ne4 30. Rh2 Rd1+ 31. Kg2 Rd2+ 32. Kh3 Rxh2+ 33.
Kxh2 Nxc5 34. Nc4 a4 35. Nb6 Kf5 36. Kg3 Ke4 37. Kf2 Nd3+ 38. Ke2 Nxb2 39. a3
h5 40. Nd7 Kd5 41. Nf6+ Kc4 42. Nxh5 Kb3 43. Nf6 Kxa3 44. Nd7 Nc4 45. Nc5 b5
46. Kd3 Kb2 47. Nxa4+ bxa4 48. Kxc4 a3 49. Kc5 a2 50. Kxc6 a1=Q 51. Kd5 Kb3  0-1

[Event "87o Campeonato Brasileiro Absoluto Final Aberta"]
[Site "Cuiaba MT"]
[Date "2021.11.01"]
[Round "7"]
[Board "71"]
[White "Rosa, Diego Jesus Vieira"]
[Black "Costa, Ricardo Santos"]
[Result "0-1"]
[WhiteElo "1558"]
[BlackElo "1834"]
[PlyCount "98"]
[EventDate "2021.10.28"]
[EventRounds "11"]
[EventCountry "BRA"]

1. e4 c5 2. Nf3 Nc6 3. d4 cxd4 4. Nxd4 Nf6 5. Nc3 d6 6. Bc4 g6 7. O-O Bg7 8.
Be3 O-O 9. f3 Bd7 10. Qd2 Nxd4 11. Bxd4 Bc6 12. Rad1 a6 13. a4 Qc7 14. Be3 Kh8
15. Bh6 Bxe4 16. Bxg7+ Kxg7 17. Bxf7 Bxc2 18. Rc1 Rxf7 19. Rxc2 Rc8 20. Re1
Qc5+ 21. Kh1 Qh5 22. Qd4 Rcf8 23. Ne4 e5 24. Nxf6 Rxf6 25. Rc7+ R8f7 26. Rxf7+
Rxf7 27. Qxd6 Qf5 28. h3 Kh6 29. Re2 Rd7 30. Qxe5 Qxe5 31. Rxe5 Rd2 32. b4 Rd4
33. g4 Rxb4 34. a5 b5 35. Re7 Kg5 36. Kg2 h5 37. Rf7 Rb2+ 38. Kg1 hxg4 39. fxg4
Kh4 40. Rf6 Kg3 41. Kf1 g5 42. Rf5 Rb4 43. Ke2 Kxh3 44. Kf3 Rb3+ 45. Kf2 Kxg4
46. Re5 Rb2+ 47. Kf1 Kh4 48. Re4+ g4 49. Rd4 Kh3  0-1

[Event "87o Campeonato Brasileiro Absoluto Final Aberta"]
[Site "Cuiaba MT"]
[Date "2021.11.01"]
[Round "7"]
[Board "72"]
[White "Serafim, Paulo Rogerio"]
[Black "Panazzolo, Paulo Victor"]
[Result "1/2-1/2"]
[WhiteElo "1441"]
[BlackElo "1790"]
[PlyCount "76"]
[EventDate "2021.10.28"]
[EventRounds "11"]
[EventCountry "BRA"]

1. c4 Nf6 2. Nc3 e6 3. Nf3 d5 4. e3 Be7 5. b3 O-O 6. Bb2 c5 7. d4 Nbd7 8. Qc2
Qa5 9. cxd5 exd5 10. Be2 cxd4 11. Nxd4 Nc5 12. O-O Nce4 13. Bd3 Nd6 14. Rfd1
Bg4 15. f3 Bh5 16. Nf5 Nxf5 17. Bxf5 Bg6 18. a3 d4 19. Bxg6 dxc3 20. Bxc3 Qg5
21. Bf5 Qxe3+ 22. Kh1 Qc5 23. Bd4 Qxc2 24. Bxc2 b6 25. b4 Rad8 26. Bb3 Nh5 27.
Be5 Bf6 28. Bxf6 Nxf6 29. Kg1 g6 30. Kf2 Rfe8 31. Rac1 Rc8 32. Bc4 Kg7 33. Bb5
Rxc1 34. Rxc1 Re7 35. Rc8 Re5 36. Bc4 Re7 37. Bb5 Re5 38. Bc4 Re7  1/2-1/2

[Event "87o Campeonato Brasileiro Absoluto Final Aberta"]
[Site "Cuiaba MT"]
[Date "2021.11.01"]
[Round "7"]
[Board "75"]
[White "Paludo, Nicolas Luis Escarantte"]
[Black "Baeta, Marcio Netto"]
[Result "1/2-1/2"]
[WhiteElo "1821"]
[BlackElo "1906"]
[PlyCount "102"]
[EventDate "2021.10.28"]
[EventRounds "11"]
[EventCountry "BRA"]

1. e4 Nf6 2. Nc3 d5 3. exd5 Nxd5 4. Nxd5 Qxd5 5. Nf3 Bg4 6. Be2 Nc6 7. h3 Bh5
8. c4 Qa5 9. a3 O-O-O 10. O-O Bxf3 11. Bxf3 Nd4 12. b4 Qe5 13. Rb1 h5 14. Bb2
g5 15. Re1 Qd6 16. c5 Qg6 17. Bxd4 Rxd4 18. Qa4 g4 19. Qe8+ Rd8 20. Bxb7+ Kxb7
21. Qxd8 Qc6 22. b5 Qxc5 23. Rec1 Qd6 24. Qxd6 cxd6 25. hxg4 hxg4 26. Rc6 Rh5
27. a4 Rc5 28. Rxc5 dxc5 29. g3 Kb6 30. Re1 Ka5 31. Re4 f5 32. Rc4 e5 33. Kf1
a6 34. bxa6 Kxa6 35. Ke2 Bd6 36. f3 gxf3+ 37. Kxf3 Kb6 38. g4 fxg4+ 39. Kxg4
Kc6 40. Kf5 Kd5 41. Re4 Bc7 42. Kf6 Bd8+ 43. Kf7 Ba5 44. d3 Bb4 45. Ke7 Bc3 46.
Kd7 Bd4 47. Rg4 c4 48. dxc4+ Kxc4 49. Kc6 Kb4 50. Kd5 Kxa4 51. Kc4 Ka5  1/2-1/2

[Event "87o Campeonato Brasileiro Absoluto Final Aberta"]
[Site "Cuiaba MT"]
[Date "2021.11.01"]
[Round "7"]
[Board "76"]
[White "Pasqualotto, Amos Petronio"]
[Black "Andrade, Guilherme A. De Souza"]
[Result "0-1"]
[WhiteElo "1436"]
[BlackElo "1852"]
[PlyCount "114"]
[EventDate "2021.10.28"]
[EventRounds "11"]
[EventCountry "BRA"]

1. d4 Nf6 2. c4 g6 3. Nc3 Bg7 4. Nf3 O-O 5. e4 d6 6. Be2 e5 7. d5 a5 8. O-O Na6
9. Ne1 Nd7 10. Nd3 f5 11. f3 b6 12. Bd2 Nac5 13. Be1 Bh6 14. Bf2 Nf6 15. Nxc5
bxc5 16. b3 Bd7 17. Qc2 Qe8 18. Rfb1 Qe7 19. Rb2 Nh5 20. a3 Nf4 21. Bf1 Qg5 22.
Rab1 Nh3+ 23. Kh1 Nxf2+ 24. Qxf2 Qe3 25. Nd1 Qxf2 26. Rxf2 fxe4 27. fxe4 Rxf2
28. Nxf2 Be3 29. Nd3 Bd4 30. Be2 Kg7 31. h3 Rb8 32. b4 axb4 33. axb4 cxb4 34.
Rxb4 Rxb4 35. Nxb4 Kf6 36. Na6 Bb6 37. Kh2 Ba4 38. Nb4 Kg5 39. Kg3 Ba5 40. Nd3
Bd2 41. c5 h5 42. cxd6 cxd6 43. h4+ Kf6 44. Kf2 Bc2 45. Kf3 Ke7 46. Nf2 Be1 47.
g3 Bxf2 48. Kxf2 Bxe4 49. Bf3 Bxf3 50. Kxf3 Kf6 51. g4 Ke7 52. g5 Kd7 53. Ke3
Kc7 54. Kd3 Kb6 55. Kc4 Ka5 56. Kd3 Kb4 57. Ke3 Kc3  0-1

[Event "87o Campeonato Brasileiro Absoluto Final Aberta"]
[Site "Cuiaba MT"]
[Date "2021.11.01"]
[Round "7"]
[Board "77"]
[White "Rezende, Uelton Fabricius Alves"]
[Black "De Lima, Lucas Taveira"]
[Result "1-0"]
[WhiteElo "1784"]
[BlackElo "1427"]
[PlyCount "63"]
[EventDate "2021.10.28"]
[EventRounds "11"]
[EventCountry "BRA"]

1. Nf3 g6 2. e4 Bg7 3. Bc4 d6 4. O-O Nf6 5. e5 dxe5 6. Nxe5 O-O 7. d4 Nbd7 8.
f4 Nb6 9. Bb3 Qd6 10. c4 c5 11. d5 Nfd7 12. Nf3 Nf6 13. Nc3 Bg4 14. h3 Bf5 15.
Re1 h5 16. Ne5 Rfe8 17. Bc2 Bxc2 18. Qxc2 e6 19. Nb5 Qd8 20. d6 Rf8 21. Be3
Nbd7 22. Rad1 a6 23. Nc7 Rc8 24. Bf2 Ne8 25. Nxd7 Qxd7 26. Bxc5 Rd8 27. Ba3 Qc6
28. Qe2 Nxd6 29. Nxe6 Rfe8 30. Nxd8 Rxd8 31. Qd3 Bf8 32. c5  1-0

[Event "87o Campeonato Brasileiro Absoluto Final Aberta"]
[Site "Cuiaba MT"]
[Date "2021.11.01"]
[Round "7"]
[Board "78"]
[White "Pimentel, Lucas Dos Santos"]
[Black "Borges, Ivoney"]
[Result "0-1"]
[WhiteElo "1345"]
[BlackElo "1767"]
[PlyCount "126"]
[EventDate "2021.10.28"]
[EventRounds "11"]
[EventCountry "BRA"]

1. Nf3 Nf6 2. g3 d6 3. Bg2 e5 4. d3 g6 5. Nc3 Nbd7 6. O-O Bg7 7. Bg5 O-O 8. Qd2
h5 9. Ne4 Nxe4 10. dxe4 Nf6 11. Qb4 b6 12. Rad1 a5 13. Qa4 Bd7 14. Qa3 Qc8 15.
Qd3 Be6 16. a3 Qe8 17. Bc1 Nh7 18. Nh4 Rd8 19. Qc3 Qe7 20. b3 Bf6 21. Nf3 Kg7
22. Qe3 Rh8 23. Qh6+ Kg8 24. Qe3 h4 25. Rd3 hxg3 26. fxg3 Bg7 27. Nh4 Bf6 28.
Nf3 Re8 29. Qf2 Ng5 30. Nxg5 Bxg5 31. Bxg5 Qxg5 32. Qf6 Qh5 33. h4 Rh7 34. Bf3
Qh6 35. Rc3 c5 36. Rd3 Qf8 37. Rfd1 Rd8 38. Qxe5 d5 39. exd5 Bd7 40. Qc7 g5 41.
hxg5 Qe7 42. Qxb6 Qxg5 43. Qc7 f5 44. Qf4 Qg6 45. d6 Be6 46. Bd5 Bxd5 47. Rxd5
Qh5 48. Qh4 Qe8 49. Qc4 Qe3+ 50. Kg2 Kh8 51. Rxc5 Qh6 52. Qd4+ Kg8 53. Qd5+ Kh8
54. Qe5+ Kg8 55. Qd5+ Kh8 56. Kf2 Re8 57. Qd4+ Kg8 58. Qd5+ Kh8 59. Qd4+ Kg8
60. Qc4+ Kh8 61. Rc7 Qh2+ 62. Kf1 Qh1+ 63. Kf2 Rh2#  0-1

[Event "87o Campeonato Brasileiro Absoluto Final Aberta"]
[Site "Cuiaba MT"]
[Date "2021.11.01"]
[Round "7"]
[Board "79"]
[White "Leite, Coraci De Jesus"]
[Black "Peres, Wallafe Moreira"]
[Result "1-0"]
[WhiteElo "1763"]
[BlackElo "1770"]
[PlyCount "149"]
[EventDate "2021.10.28"]
[EventRounds "11"]
[EventCountry "BRA"]

1. e4 c5 2. Nf3 Nc6 3. d4 cxd4 4. Nxd4 e5 5. Nf5 Qf6 6. Nc3 Bb4 7. Bc4 Nge7 8.
Nxe7 Bxc3+ 9. bxc3 Qxe7 10. Bb2 Qc5 11. Bb3 O-O 12. O-O Qe7 13. a4 Qg5 14. Qf3
Qg6 15. Rad1 d5 16. Rxd5 Be6 17. Rd6 h5 18. Qe3 h4 19. Rfd1 Qh5 20. Bxe6 fxe6
21. h3 Na5 22. Qd3 Rac8 23. Rd7 Rf4 24. Bc1 Rf6 25. Ba3 Nc4 26. Rd8+ Rxd8 27.
Qxd8+ Kh7 28. Be7 Rf7 29. Bc5 b6 30. Be3 Rf8 31. Qxf8 Qxd1+ 32. Kh2 Nxe3 33.
fxe3 Qxc2 34. Qf3 Qxa4 35. Qh5+ Kg8 36. Qxe5 Qc6 37. Qd4 Qc7+ 38. e5 Qe7 39.
Kg1 b5 40. Kf1 Qc7 41. Ke1 Qc6 42. e4 a5 43. Kd2 Kh7 44. Kd3 a4 45. Qb4 Qa6 46.
Kc2 a3 47. Kb1 Qc6 48. Ka2 Qc7 49. Qd4 Qa5 50. Qc5 Qa8 51. Qd4 Qa5 52. Qb4 Qc7
53. Kxa3 Qxe5 54. Qd4 Qc7 55. e5 Qe7+ 56. Qd6 Qa7+ 57. Kb4 Qa4+ 58. Kc5 Qc4+
59. Kb6 Qxc3 60. Kxb5 Qb2+ 61. Kc5 Qc3+ 62. Kb6 Qb3+ 63. Kc7 Kg6 64. Kd7 Kf5
65. Qf8+ Kg6 66. Qe8+ Kf5 67. Qf7+ Kxe5 68. Qxg7+ Kf5 69. Qg4+ Ke5 70. Qg5+ Kd4
71. Qxh4+ Kc5 72. Qf2+ Kb4 73. Qb6+ Kc4 74. Qxb3+ Kxb3 75. Kxe6  1-0

[Event "87o Campeonato Brasileiro Absoluto Final Aberta"]
[Site "Cuiaba MT"]
[Date "2021.11.01"]
[Round "7"]
[Board "82"]
[White "Rocha, Matheus Eugenio S M Nunes"]
[Black "Romais, Rodrigo"]
[Result "1-0"]
[WhiteElo "1800"]
[BlackElo "1652"]
[PlyCount "77"]
[EventDate "2021.10.28"]
[EventRounds "11"]
[EventCountry "BRA"]

1. d4 Nf6 2. c4 g6 3. Nc3 d5 4. cxd5 Nxd5 5. e4 Nxc3 6. bxc3 Bg7 7. Bc4 c5 8.
Ne2 cxd4 9. cxd4 Nc6 10. Be3 Bg4 11. f3 Bd7 12. O-O O-O 13. Rc1 Rc8 14. Qd2 Na5
15. Bd3 Re8 16. Rxc8 Bxc8 17. Rc1 b6 18. Qc2 Bb7 19. Qc7 Qc8 20. Bb5 Qxc7 21.
Rxc7 Rc8 22. Rxe7 Rc2 23. Re8+ Bf8 24. Bh6 Rc8 25. Rxc8 Bxc8 26. Bxf8 Kxf8 27.
Kf2 Ke7 28. Ke3 a6 29. Bd3 g5 30. Nc3 b5 31. g3 Nc6 32. f4 h6 33. d5 Nb4 34.
Bb1 Kd6 35. a3 Nxd5+ 36. Nxd5 f5 37. Kd4 fxe4 38. Bxe4 gxf4 39. Nxf4  1-0

[Event "87o Campeonato Brasileiro Absoluto Final Aberta"]
[Site "Cuiaba MT"]
[Date "2021.11.01"]
[Round "7"]
[Board "83"]
[White "Cinta Larga, Carlos Eduardo Dos Santos"]
[Black "Carmo, Jose Arlindo"]
[Result "0-1"]
[WhiteElo "1742"]
[BlackElo "1650"]
[PlyCount "68"]
[EventDate "2021.10.28"]
[EventRounds "11"]
[EventCountry "BRA"]

1. e4 c5 2. Nf3 d6 3. d4 cxd4 4. Nxd4 a6 5. Bc4 e6 6. Nc3 Nf6 7. Bd2 Nbd7 8.
Bxe6 fxe6 9. Nxe6 Qb6 10. Bf4 Ne5 11. Nd5 Nxd5 12. Qxd5 Qb4+ 13. c3 Qxb2 14.
O-O Bxe6 15. Qxe6+ Be7 16. Rab1 Qxc3 17. Rxb7 Ng6 18. Rc1 Qf6 19. Qd7+ Kf7 20.
Bxd6 Rhd8 21. Qa4 Qxd6 22. g3 Kf8 23. Re1 Qd2 24. Rbb1 Ne5 25. Rbd1 Nf3+ 26.
Kf1 Qh6 27. Rxd8+ Rxd8 28. Re3 Nxh2+ 29. Kg2 Ng4 30. Rf3+ Bf6 31. Qb4+ Kg8 32.
a4 Qh2+ 33. Kf1 Qh1+ 34. Ke2 Qd1#  0-1

[Event "87o Campeonato Brasileiro Absoluto Final Aberta"]
[Site "Cuiaba MT"]
[Date "2021.11.01"]
[Round "7"]
[Board "84"]
[White "Timossi, Lucas Jose Santiago"]
[Black "Olivo, Anibal Ribeiro"]
[Result "0-1"]
[WhiteElo "1737"]
[BlackElo "1588"]
[PlyCount "90"]
[EventDate "2021.10.28"]
[EventRounds "11"]
[EventCountry "BRA"]

1. e4 e5 2. Nf3 Nc6 3. Bc4 Bc5 4. d4 Bxd4 5. Nxd4 Nxd4 6. O-O Nf6 7. f4 d6 8.
f5 b5 9. Bd3 O-O 10. c3 Nc6 11. Bxb5 Bb7 12. Bg5 h6 13. Bxf6 Qxf6 14. Qg4 a6
15. Bxc6 Bxc6 16. Nd2 Rab8 17. b3 a5 18. Rf3 d5 19. exd5 Bxd5 20. Ne4 Bxe4 21.
Qxe4 Rfd8 22. Re3 Re8 23. Rf1 Rbd8 24. a4 Qb6 25. c4 f6 26. Kh1 Rd4 27. Qf3
Red8 28. Rfe1 Qd6 29. h3 Rf4 30. Qh5 Qd7 31. Rf3 Rd4 32. Rg3 Rd3 33. Rge3 Rxe3
34. Rxe3 Qd4 35. Qf3 c5 36. g4 Qd1+ 37. Qxd1 Rxd1+ 38. Kg2 Rd2+ 39. Kf3 g6 40.
Ke4 Rd4+ 41. Kf3 gxf5 42. gxf5 Rf4+ 43. Ke2 Rxf5 44. Rd3 Kf7 45. Rd5 Ke6  0-1

[Event "87o Campeonato Brasileiro Absoluto Final Aberta"]
[Site "Cuiaba MT"]
[Date "2021.11.01"]
[Round "7"]
[Board "89"]
[White "Melo, Igor De Souza"]
[Black "Fogaca, Vinicius"]
[Result "1-0"]
[WhiteElo "1710"]
[BlackElo "1776"]
[PlyCount "87"]
[EventDate "2021.10.28"]
[EventRounds "11"]
[EventCountry "BRA"]

1. e4 c6 2. d4 d5 3. e5 Bf5 4. h4 h6 5. g4 Bd7 6. h5 e6 7. f4 c5 8. c3 Nc6 9.
Nf3 Qb6 10. a3 cxd4 11. cxd4 Na5 12. Nbd2 Bb5 13. b4 Nc4 14. Nxc4 Bxc4 15. Qa4+
Qc6 16. Qxc6+ bxc6 17. Bxc4 dxc4 18. Bd2 Ne7 19. Rc1 Nd5 20. Rxc4 Kd7 21. Kf2
Be7 22. Rhc1 Rhc8 23. f5 a5 24. bxa5 Bxa3 25. Rb1 Rcb8 26. Rxb8 Rxb8 27. Ra4
Bb2 28. a6 Ra8 29. a7 Kc7 30. Ne1 Bc3 31. Bxc3 Nxc3 32. Ra1 Kb7 33. Ke3 Rxa7
34. Rxa7+ Kxa7 35. fxe6 fxe6 36. Nd3 Kb6 37. Nc5 Nd5+ 38. Ke4 Nc7 39. Nd7+ Kb5
40. Nf8 Kc4 41. Nd7 Kb5 42. Kd3 Nd5 43. Nc5 Kb4 44. Nxe6  1-0

[Event "87o Campeonato Brasileiro Absoluto Final Aberta"]
[Site "Cuiaba MT"]
[Date "2021.11.01"]
[Round "7"]
[Board "94"]
[White "De Souza, Eliel Martins"]
[Black "Bocca, Edson Ricardo"]
[Result "0-1"]
[WhiteElo "1709"]
[BlackElo "1617"]
[PlyCount "100"]
[EventDate "2021.10.28"]
[EventRounds "11"]
[EventCountry "BRA"]

1. e4 e5 2. Nf3 Nc6 3. Bc4 d6 4. d4 Bg4 5. c3 Bxf3 6. Qxf3 Qf6 7. Qxf6 Nxf6 8.
d5 Ne7 9. Bb5+ Nd7 10. O-O O-O-O 11. Be3 a6 12. Be2 f5 13. f3 f4 14. Bf2 g5 15.
b4 h5 16. b5 a5 17. Nd2 Nf6 18. b6 c6 19. dxc6 Nxc6 20. Bb5 Nb8 21. Nc4 g4 22.
Rfd1 Rg8 23. Kf1 Rg6 24. Bh4 Be7 25. Bxf6 Rxf6 26. Nxa5 gxf3 27. gxf3 Rg6 28.
Nb3 Rdg8 29. Rd2 h4 30. Rad1 h3 31. Ke2 Rg2+ 32. Kd3 Rxd2+ 33. Nxd2 Rg2 34. Rh1
Bh4 35. a4 Bf2 36. a5 Kd8 37. Kc4 Bxb6 38. axb6 Rxd2 39. Rg1 Rg2 40. Rh1 Ke7
41. Kd5 Rd2+ 42. Kc4 Nd7 43. Bxd7 Kxd7 44. Kb5 Rb2+ 45. Kc4 Rf2 46. Kd5 Rxf3
47. Rg1 Rd3+ 48. Kc4 Rd2 49. Kb5 Rb2+ 50. Kc4 Kc6  0-1

[Event "87o Campeonato Brasileiro Absoluto Final Aberta"]
[Site "Cuiaba MT"]
[Date "2021.11.02"]
[Round "8"]
[Board "1"]
[White "Santiago, Yago De Moura"]
[Black "Supi, Luis Paulo"]
[Result "0-1"]
[WhiteElo "2478"]
[BlackElo "2572"]
[PlyCount "94"]
[EventDate "2021.10.28"]
[EventRounds "11"]
[EventCountry "BRA"]

1. e4 c5 2. Nf3 d6 3. Bb5+ Bd7 4. Bxd7+ Nxd7 5. O-O Ngf6 6. Qe2 Rc8 7. b3 g6 8.
Bb2 Bg7 9. c4 O-O 10. d4 cxd4 11. Nxd4 a6 12. Nc3 e6 13. Rad1 Re8 14. Qd2 Qa5
15. Rfe1 Red8 16. Qe2 Nh5 17. Qe3 h6 18. g3 Nhf6 19. h3 Qh5 20. Kg2 Qc5 21. Qe2
Rb8 22. Na4 Qc7 23. Rc1 b6 24. b4 e5 25. Nb3 Rdc8 26. Nd2 h5 27. Nc3 Bh6 28.
Nd5 Qd8 29. Nxf6+ Nxf6 30. Rcd1 Qe7 31. Nb3 h4 32. Bc1 Bxc1 33. Rxc1 hxg3 34.
fxg3 Kg7 35. Nd2 b5 36. a3 Qe6 37. Qd3 Rh8 38. Rh1 Rbd8 39. Qe2 bxc4 40. Rxc4
d5 41. Rc2 Rc8 42. Rxc8 Rxc8 43. Nb3 Nxe4 44. Rc1 Rxc1 45. Nxc1 Nc3 46. Qe1 d4
47. Nd3 e4  0-1